| 000 | 00945nam a2200253 i 4500 | ||
|---|---|---|---|
| 001 | 128170 | ||
| 003 | ES-MaACL | ||
| 005 | 20230906193200.0 | ||
| 007 | t| | ||
| 008 | 070625s1984 fr ||||1| fre d | ||
| 080 | _a791.43(460)"1939/1975"(083.824) | ||
| 245 | 0 | 3 |
_aLe cinema de l'Espagne franquiste / _cnuméro coordonné par Marcel Oms et Pierre Roura. |
| 260 |
_aPerpignan : _bInstitut Jean Vigo, _c1984. |
||
| 300 |
_a252 p. : _bil. ; _c30 cm. |
||
| 490 | 1 |
_aLes cahiers de la cinematique ; _v38-39 |
|
| 595 | _aNúmero monográfico de la revista Les cahiers de la cinematheque, n. 38/39, Hiver 1984. | ||
| 650 | 1 | 4 |
_aCine- _zEspaña- _y1939-1975. _911026 |
| 700 | 1 |
_aOms, Marcel. _987045 |
|
| 700 | 1 |
_aRoura, Pierre. _9100037 |
|
| 710 | 2 |
_aInstitut Jean Vigo. _94768 |
|
| 830 | 1 |
_aLes cahiers de la cinematique ; _v38-39 _9219242 |
|
| 852 |
_aES-MaACL _jE-11747 _z- Biblioteca Jacinto Martínez Lacalle. |
||
| 999 |
_c128170 _d128170 |
||